1079 1666 1487 1809 1117 1837 1622 1132 1262 1719 1102 1352 1416 1491 1523 1833 1638 1880 1738 1235 1584 1691 1805 1240 1080 1075 1338 1010 1975 1758 1187 1100 1088 1950 1668 1682 1257 1458 1197 1128 1658 1460 1632 1750 1972 1104 1096 1984 1184 1012 1117 1104 1068 1436 1261 1542 1768 1915 1472 1006 1170 1602 1316 1453 1518 1353 1159 1010 1020 1493 1010 1201 1037 1179 1780 1953 1296 1217 1139 1113 1135 1293 1925 1523 1750 1226 1050 1539 1542 1597 1904 1272 1103 1813 1160 1901 1393 1591 1497 BCNSPRNW ULIB Ver.6.0+V

เปลี่ยนเป็นภาษาไทย

Change to English
 แสดงรายละเอียดบรรณานุกรม
  กลับหน้าหลัก

Brief Record : Get Marc (ISO 2709) : E-mail record : QR code < ปิดหน้าต่าง
LEADER : 00000nam 2200000uu 4500
001    13399112015
003     ULIB
008    110722s2554||||th 000 0 tha d
024     9789744017888
060 04 WY156^bอ832ค
100 0   อุบล จ๋วงพานิช
245 10 คู่มือการพยาบาลผู้ป่วยมะเร็งที่ได้รับยาเคมีบำบัด /^cอุบล จ๋วงพานิช
250    พิมพ์ครั้งที่ 1
260    ขอนแก่น :^bโรงพิมพ์คลังนานาวิทยา,^c2554
300    177 หน้า :^bภาพประกอบ ;^c21 ซม.
650  4 การส่งเสริมสุขภาพ
650  4 มะเร็ง^xการป้องกันและควบคุม
650  4 มะเร็ง^xการพยาบาล
650  4  การพยาบาลผู้ป่วยมะเร็ง
710     หอผู้ป่วยเคมีบำบัด 5 จ. แผนการพยาบาลบำบัดพิเศษ งานบริการพยาบาล โรงพยาบาลศรีนครินทร์ คณะแพทยศาตร์ มหาวิทยาลัยขอนแก่น
945    ^p190^l0^i030373
945    ^p190^l0^i030374
945    ^p190^l0^i030375
945    ^p190^l0^i030376
945    ^p190^l0^i030377
945    ^p190^l0^i030378
945    ^p190^l0^i030379
945    ^p190^l0^i031023
945    ^p190^l0^i031024
945    ^p190^l0^i031025
995    เกษร
999 ^a ใช้งานได้ทุกระบบ
รายการนี้ยังไม่มีแท็ก
คุณยังไม่ได้ล็อกอิน คุณสามารถมีกิจกรรมร่วมกับเว็บไซต์ได้ แต่ต้องล็อกอินก่อน ::
  ล็อกอิน

รายการสื่อสารสนเทศ

ลำดับที่ ประเภท เลขเรียก/บาร์โค้ด สถานที่ สถานะ
1. วิทยาศาสตร์การแพทย์ และสุขภาพ
หนังสือสำรอง
สถานะ=หนังสือสำรอง
WY156 อ832ค ฉ.1 
  Barcode: 030373
ห้องสมุดวิทยาเขตสวรรค์ประชารักษ์
►ส่วนจัดเก็บหนังสือเก่า สปร
บนชั้น
  ขอยืม
2. วิทยาศาสตร์การแพทย์ และสุขภาพ
วิทยาศาสตร์การแพทย์ และสุขภาพ
WY156 อ832ค ฉ.10 
  Barcode: 031025
ห้องสมุดวิทยาเขตสวรรค์ประชารักษ์
►ส่วนจัดเก็บหนังสือเก่า สปร
บนชั้น
  ขอยืม
3. วิทยาศาสตร์การแพทย์ และสุขภาพ
วิทยาศาสตร์การแพทย์ และสุขภาพ
WY156 อ832ค ฉ.2 
  Barcode: 030374
ห้องสมุดวิทยาเขตสวรรค์ประชารักษ์
►ส่วนจัดเก็บหนังสือเก่า สปร
บนชั้น
  ขอยืม
4. วิทยาศาสตร์การแพทย์ และสุขภาพ
วิทยาศาสตร์การแพทย์ และสุขภาพ
WY156 อ832ค ฉ.4 
  Barcode: 030376
ห้องสมุดวิทยาเขตสวรรค์ประชารักษ์
►ส่วนจัดเก็บหนังสือเก่า สปร
บนชั้น
  ขอยืม
5. วิทยาศาสตร์การแพทย์ และสุขภาพ
วิทยาศาสตร์การแพทย์ และสุขภาพ
WY156 อ832ค ฉ.5 
  Barcode: 030377
ห้องสมุดวิทยาเขตสวรรค์ประชารักษ์
►ส่วนจัดเก็บหนังสือเก่า สปร
บนชั้น
  ขอยืม
6. วิทยาศาสตร์การแพทย์ และสุขภาพ
วิทยาศาสตร์การแพทย์ และสุขภาพ
WY156 อ832ค ฉ.6 
  Barcode: 030378
ห้องสมุดวิทยาเขตสวรรค์ประชารักษ์
►ส่วนจัดเก็บหนังสือเก่า สปร
บนชั้น
  ขอยืม
7. วิทยาศาสตร์การแพทย์ และสุขภาพ
วิทยาศาสตร์การแพทย์ และสุขภาพ
WY156 อ832ค ฉ.7 
  Barcode: 030379
ห้องสมุดวิทยาเขตสวรรค์ประชารักษ์
►ส่วนจัดเก็บหนังสือเก่า สปร
บนชั้น
  ขอยืม

รายการใกล้เคียง
    หัวเรื่อง [การส่งเสริมสุขภาพ]
    หัวเรื่อง [มะเร็ง การป้องกันและควบคุม]
    หัวเรื่อง [การพยาบาลผู้ป่วยมะเร็ง]

BibComment


ยังไม่เคยถูกคอมเมนท์

คอมเมนท์ทรัพยากรรายการนี้
  คอมเมนท์: คู่มือการพยาบาลผู..


 Copyright 2026. Bcnsprnw @Library